[Event "VIII Torneo Banco di Roma A"]
[Site "Roma ITA"]
[Date "1984.02.??"]
[Round "1"]
[White "Rivas Pastor, Manuel"]
[Black "Mednis, Edmar John"]
[WhiteElo "2500"]
[BlackElo "2460"]
[Result "0-1"]
[PlyCount "206"]
[EventDate "1984.02.18"]

1. d4 d5 2. c4 c6 3. Nf3 Nf6 4. e3 Bf5 5. Nc3 e6 6. Bd3 Bg6 7. O-O Nbd7 8. b3
Bd6 9. Bb2 Ne4 10. Ne2 Qb8 11. g3 Nef6 12. Nf4 Bxd3 13. Nxd3 Be7 14. a4 O-O 15.
Ba3 Bxa3 16. Rxa3 dxc4 17. bxc4 c5 18. a5 Qc7 19. Qa4 Rfd8 20. Rd1 Rac8 21. Rb3
b6 22. Nfe5 Nxe5 23. Nxe5 h6 24. axb6 axb6 25. Qb5 Rd6 26. Rbd3 Nd7 27. Nxd7
Qxd7 28. Qb1 cxd4 29. Rxd4 Rxd4 30. Rxd4 Qc6 31. Qd3 g6 32. e4 e5 33. Rd8+ Rxd8
34. Qxd8+ Kg7 35. Qd5 Qc7 36. Kf1 f6 37. Ke2 h5 38. Ke3 Qa7 39. h4 Qa3+ 40. Ke2
Qa2+ 41. Kf1 Qb1+ 42. Kg2 Qc2 43. Qd7+ Kf8 44. Qc8+ Kf7 45. Qd7+ Kf8 46. Qe6
Qxe4+ 47. Kh2 Kg7 48. Qe7+ Kg8 49. Qxf6 Kh7 50. Qf7+ Kh8 51. Qf6+ Kh7 52. Qxb6
Qxc4 53. Qb7+ Kg8 54. Qb8+ Kh7 55. Qxe5 Qc6 56. Qe7+ Kg8 57. Qe3 Kg7 58. Kg1
Qc4 59. Kg2 Qd5+ 60. Qf3 Qe6 61. Qa8 Qc4 62. Qb7+ Kg8 63. Qb8+ Kh7 64. Qa7+ Kg8
65. Qb7 Qd3 66. Qc8+ Kg7 67. Qe6 Qd1 68. Qc4 Kf8 69. Qc3 Kg8 70. Qf3 Qd7 71.
Qe4 Kh7 72. Kf3 Qd1+ 73. Kg2 Kg7 74. Qb7+ Kg8 75. Qe4 Kg7 76. Qf3 Qc2 77. Qb7+
Kg8 78. Qb8+ Kh7 79. Qa7+ Kg8 80. Kf3 Qd3+ 81. Qe3 Qf5+ 82. Kg2 Qd5+ 83. f3 Qd6
84. g4 hxg4 85. fxg4 Kg7 86. g5 Qd5+ 87. Kf2 Qf7+ 88. Kg3 Qc7+ 89. Kf3 Qf7+ 90.
Kg3 Qb7 91. Kf2 Qf7+ 92. Ke1 Qc4 93. Qe7+ Kg8 94. Qe8+ Kg7 95. Qd7+ Kg8 96.
Qe8+ Kg7 97. Qe5+ Kg8 98. Qg3 Qc1+ 99. Kf2 Qd2+ 100. Kg1 Qd1+ 101. Kh2 Qe2+
102. Kh3 Qf1+ 103. Kg4 Qf5# 0-1

[Event "VIII Torneo Banco di Roma A"]
[Site "Roma ITA"]
[Date "1984.02.??"]
[Round "1"]
[White "Sax, Gyula"]
[Black "Inkiov, Ventzislav V."]
[WhiteElo "2575"]
[BlackElo "2490"]
[Result "1-0"]
[PlyCount "107"]
[EventDate "1984.02.18"]

1. e4 e5 2. Nf3 Nc6 3. Bb5 f5 4. Nc3 fxe4 5. Nxe4 d5 6. Nxe5 dxe4 7. Nxc6 Qg5
8. Qe2 Nf6 9. Ne5+ c6 10. f4 Qxf4 11. d4 Qh4+ 12. g3 Qh3 13. Bc4 Be6 14. Bg5
O-O-O 15. O-O-O Bd6 16. Qf1 Rhe8 17. Qxh3 Bxh3 18. Nf7 Rd7 19. Nxd6+ Rxd6 20.
Bf4 Rd7 21. Rhe1 Bg4 22. Rd2 Nd5 23. Be5 Bf3 24. Rf2 g5 25. h3 h5 26. Bd3 exd3
27. Rxf3 dxc2 28. Kxc2 g4 29. Rf5 gxh3 30. Rxh5 Rf7 31. Rxh3 Rf2+ 32. Kb1 Rd2
33. Reh1 Rf8 34. Rh8 Rxh8 35. Rxh8+ Kd7 36. Rh7+ Ke6 37. Rxb7 c5 38. Rb5 Rd1+
39. Kc2 Ne3+ 40. Kc3 Nd5+ 41. Kc4 Rc1+ 42. Kb3 c4+ 43. Ka3 Rd1 44. Rc5 Rd3+ 45.
Ka4 Rd2 46. Rc6+ Kf5 47. Kb5 Rxb2+ 48. Kxc4 Ke4 49. Ra6 Ne3+ 50. Kc5 Rc2+ 51.
Kd6 Nc4+ 52. Ke6 Rh2 53. Bf6 Re2 54. Rxa7 1-0

[Event "VIII Torneo Banco di Roma A"]
[Site "Roma ITA"]
[Date "1984.02.??"]
[Round "1"]
[White "Toth, Bela"]
[Black "Gobet, Fernand"]
[WhiteElo "2395"]
[BlackElo "2380"]
[Result "1/2-1/2"]
[PlyCount "105"]
[EventDate "1984.02.18"]

1. d4 d5 2. c4 Bf5 3. cxd5 Bxb1 4. Qa4+ Qd7 5. Qxd7+ Nxd7 6. Rxb1 Ngf6 7. a3
Nxd5 8. e4 N5f6 9. f3 e5 10. Ne2 exd4 11. Nxd4 O-O-O 12. Be3 Bc5 13. Be2 Rhe8
14. Kf2 Nxe4+ 15. fxe4 Rxe4 16. Bf3 Rxd4 17. Bxd4 Bxd4+ 18. Kg3 Ne5 19. Be2 Rd6
20. h3 f5 21. Rhd1 g5 22. Kh2 f4 23. Rf1 c5 24. b3 Rf6 25. b4 g4 26. bxc5 f3
27. gxf3 gxf3 28. Bd1 Bxc5 29. Rb3 f2 30. Be2 Kc7 31. Rg3 Ng6 32. Rf3 Re6 33.
Rc3 Rc6 34. Kh1 Bd4 35. Rxc6+ bxc6 36. Bd3 Nf4 37. Bxh7 Nxh3 38. Kg2 Ng5 39.
Bd3 Ne6 40. Kf3 c5 41. Rh1 Nf8 42. Ke2 Nd7 43. Rh7 Kd6 44. Bf5 Nf6 45. Rf7 Ke5
46. Bd3 Nd5 47. Ba6 Nc3+ 48. Kf1 Ne4 49. Kg2 Nd2 50. Rxa7 c4 51. Rf7 f1=Q+ 52.
Rxf1 Nxf1 53. Kxf1 1/2-1/2

[Event "VIII Torneo Banco di Roma A"]
[Site "Roma ITA"]
[Date "1984.02.??"]
[Round "2"]
[White "Gobet, Fernand"]
[Black "Sax, Gyula"]
[WhiteElo "2380"]
[BlackElo "2575"]
[Result "0-1"]
[PlyCount "83"]
[EventDate "1984.02.18"]

1. e4 c5 2. Nf3 e6 3. d4 cxd4 4. Nxd4 Nf6 5. Nc3 d6 6. g4 h6 7. g5 hxg5 8. Bxg5
Nc6 9. Qd2 Qb6 10. Nb3 a6 11. O-O-O Qc7 12. f4 Bd7 13. Be2 Rh3 14. Bf1 Rxc3 15.
Qxc3 Nxe4 16. Qe3 d5 17. Bg2 Nxg5 18. fxg5 O-O-O 19. Kb1 Kb8 20. h4 Ne5 21. h5
Nc4 22. Qc1 Bd6 23. Rdf1 Bb5 24. Rf3 Be5 25. c3 f5 26. h6 gxh6 27. Rxh6 Qe7 28.
Nd4 Bd7 29. Bf1 Nd6 30. Rfh3 Bg7 31. Rh7 e5 32. Nf3 f4 33. Ka1 Bxh3 34. Bxh3
Ka8 35. Qe1 Ne4 36. Bf5 Nxg5 37. Qh4 Rf8 38. Bb1 e4 39. Nxg5 Qd7 40. Ne6 Qxe6
41. Rxg7 f3 42. Qe1 0-1

[Event "VIII Torneo Banco di Roma A"]
[Site "Roma ITA"]
[Date "1984.02.??"]
[Round "2"]
[White "Mednis, Edmar John"]
[Black "Toth, Bela"]
[WhiteElo "2460"]
[BlackElo "2395"]
[Result "0-1"]
[PlyCount "90"]
[EventDate "1984.02.18"]

1. c4 e6 2. g3 d5 3. Bg2 Nf6 4. Nf3 dxc4 5. Qa4+ Nbd7 6. Qxc4 c5 7. O-O a6 8.
Qb3 Ra7 9. d3 Be7 10. Nc3 O-O 11. Bf4 b6 12. Nd2 Bb7 13. Bxb7 Rxb7 14. Nc4 Qa8
15. a4 Rd8 16. Rac1 Nd5 17. Bd2 Rbb8 18. Ne4 h6 19. f4 b5 20. axb5 axb5 21. Ne5
c4 22. Qc2 Rbc8 23. Nxd7 Rxd7 24. Rf3 Rdc7 25. Qb1 cxd3 26. Rxc7 Rxc7 27. Qxd3
Qc6 28. Bc3 Rd7 29. Qb1 Bc5+ 30. Nxc5 Qxc5+ 31. Kg2 Ne3+ 32. Rxe3 Qxe3 33. Qe1
h5 34. Qf2 Qxf2+ 35. Kxf2 g6 36. Ke3 Kf8 37. Bb4+ Ke8 38. Bc3 Rd1 39. Kf2 Kd7
40. Bf6 Kc6 41. Be5 Kd5 42. Bf6 Rh1 43. Kg2 Rc1 44. Kf2 Ke4 45. Bc3 Rc2 0-1

[Event "VIII Torneo Banco di Roma A"]
[Site "Roma ITA"]
[Date "1984.02.??"]
[Round "2"]
[White "Pinter, Jozsef"]
[Black "Zichichi, Alvise"]
[WhiteElo "2515"]
[BlackElo "2370"]
[Result "1-0"]
[PlyCount "73"]
[EventDate "1984.02.18"]

1. d4 Nf6 2. c4 e6 3. Nf3 d5 4. Nc3 c6 5. Bg5 dxc4 6. e4 b5 7. a4 b4 8. Nb1 Ba6
9. Qc1 Qa5 10. Bxf6 gxf6 11. Bxc4 Rg8 12. O-O Nd7 13. Nbd2 Rc8 14. Qd1 Bb7 15.
Re1 Qh5 16. Qe2 Qg4 17. g3 Ba8 18. Rad1 Be7 19. d5 cxd5 20. exd5 e5 21. Bb5 Kf8
22. Nc4 Nb6 23. Ne3 Qh5 24. a5 e4 25. d6 Bd8 26. Nd4 Qxe2 27. Nxe2 Rc5 28. axb6
Rxb5 29. bxa7 Ra5 30. Nd4 Kg7 31. Ra1 Re8 32. Rxa5 Bxa5 33. Nc4 Bd8 34. d7 Re7
35. Nf5+ Kf8 36. Nxe7 Kxe7 37. Rd1 1-0

[Event "VIII Torneo Banco di Roma A"]
[Site "Roma ITA"]
[Date "1984.02.??"]
[Round "2"]
[White "Tatai, Stefano"]
[Black "Rivas Pastor, Manuel"]
[WhiteElo "2430"]
[BlackElo "2500"]
[Result "1-0"]
[PlyCount "87"]
[EventDate "1984.02.18"]

1. Nf3 Nf6 2. d4 e6 3. c4 Bb4+ 4. Bd2 Qe7 5. g3 Nc6 6. Nc3 d5 7. cxd5 exd5 8.
Bg2 O-O 9. Bg5 Re8 10. Bxf6 Qxf6 11. O-O Qd8 12. e3 Bg4 13. Qa4 Bxc3 14. bxc3
Qd7 15. Rfc1 Rad8 16. Qc2 Bh3 17. c4 Bxg2 18. Kxg2 Re6 19. Rab1 b6 20. cxd5
Qxd5 21. e4 Qh5 22. d5 Rf6 23. Rb3 Rxf3 24. Rxf3 Nd4 25. Rf5 Nxf5 26. exf5 h6
27. Qe4 Qg5 28. Rxc7 Qd2 29. Rd7 Rxd7 30. Qe8+ Kh7 31. Qxd7 Qxa2 32. Qxf7 Qc4
33. Qg6+ Kg8 34. Qe6+ Kf8 35. f6 gxf6 36. Qxf6+ Ke8 37. d6 Qe4+ 38. f3 Qe2+ 39.
Kh3 Kd7 40. Qxh6 Qe6+ 41. Qxe6+ Kxe6 42. g4 a5 43. g5 a4 44. g6 1-0

[Event "VIII Torneo Banco di Roma A"]
[Site "Roma ITA"]
[Date "1984.02.??"]
[Round "3"]
[White "Nikolac, Juraj"]
[Black "Gobet, Fernand"]
[WhiteElo "2465"]
[BlackElo "2380"]
[Result "1/2-1/2"]
[PlyCount "64"]
[EventDate "1984.02.18"]

1. Nf3 Nf6 2. c4 e6 3. b3 d5 4. Bb2 Be7 5. g3 b6 6. Bg2 Bb7 7. cxd5 exd5 8. O-O
O-O 9. d4 Nbd7 10. Nc3 a6 11. Qc2 Re8 12. Rad1 Bd6 13. Nd2 Rb8 14. e4 dxe4 15.
Ndxe4 Nxe4 16. Nxe4 Nf6 17. Nxf6+ Qxf6 18. Bxb7 Rxb7 19. d5 Qf3 20. Rfe1 Rbb8
21. Qc3 Qg4 22. Rd4 Qg6 23. Rde4 Rxe4 24. Rxe4 f6 25. Qf3 Re8 26. Rxe8+ Qxe8
27. Bc3 Qg6 28. Kg2 h5 29. h3 Bc5 30. b4 Bd6 31. a3 Qc2 32. Bd4 Qd2 1/2-1/2

[Event "VIII Torneo Banco di Roma A"]
[Site "Roma ITA"]
[Date "1984.02.??"]
[Round "3"]
[White "Rivas Pastor, Manuel"]
[Black "Pinter, Jozsef"]
[WhiteElo "2500"]
[BlackElo "2515"]
[Result "0-1"]
[PlyCount "90"]
[EventDate "1984.02.18"]

1. d4 Nf6 2. Nf3 d5 3. c4 e6 4. Bg5 dxc4 5. Qa4+ Nbd7 6. Qxc4 Be7 7. Nc3 a6 8.
Rd1 b5 9. Qb3 O-O 10. e3 Bb7 11. Be2 c5 12. dxc5 Qc7 13. Bxf6 Bxf6 14. O-O Nxc5
15. Qa3 Rac8 16. Nd4 Be7 17. b4 Nd7 18. Rc1 Qb8 19. Qb3 Ne5 20. a4 bxa4 21.
Qxa4 Qa8 22. f3 Nc4 23. Bxc4 Rxc4 24. Na2 Rxc1 25. Nxc1 Bg5 26. Qa3 Rd8 27. Kh1
Qc8 28. f4 Bf6 29. Nce2 h5 30. Kg1 h4 31. h3 Be4 32. Ra1 Bb7 33. Qc1 Qd7 34.
Qe1 Qd5 35. Qf1 Qc4 36. Rb1 Qd3 37. Rb3 Qd2 38. Kh1 Rc8 39. b5 Bxd4 40. exd4
axb5 41. f5 b4 42. fxe6 fxe6 43. Rb1 Ba6 44. Re1 b3 45. Qf2 b2 0-1

[Event "VIII Torneo Banco di Roma A"]
[Site "Roma ITA"]
[Date "1984.02.??"]
[Round "3"]
[White "Sax, Gyula"]
[Black "Mednis, Edmar John"]
[WhiteElo "2575"]
[BlackElo "2460"]
[Result "1/2-1/2"]
[PlyCount "122"]
[EventDate "1984.02.18"]

1. e4 e6 2. d4 d5 3. e5 c5 4. c3 Nc6 5. Nf3 Qb6 6. a3 c4 7. g3 Bd7 8. Nbd2 Na5
9. Bh3 h6 10. O-O O-O-O 11. Rb1 g5 12. Ne1 h5 13. Bg2 Be7 14. Qe2 Ba4 15. Ndf3
g4 16. Ng5 Nh6 17. h4 gxh3 18. Nxh3 Rdg8 19. Qxh5 Nf5 20. Qe2 Bxa3 21. Ra1 Nb3
22. Rxa3 Nxc1 23. Qd2 Nb3 24. Qf4 Be8 25. Nc2 a6 26. Ng5 Qd8 27. Nf3 Qe7 28.
Nb4 Bd7 29. Nd3 Rg6 30. Nc1 Nxc1 31. Rxc1 Qf8 32. b4 Qg7 33. Ra2 Rg4 34. Qd2
Nxg3 35. fxg3 Rxg3 36. Qf4 Rg8 37. Rcc2 Rg4 38. Qe3 Qh7 39. Rf2 Qb1+ 40. Qe1
Qg6 41. Nh2 Rh4 42. Rf3 Qh5 43. Rg3 Rf8 44. Bf3 Qh7 45. Rag2 Rh8 46. Rg7 Qf5
47. Rg8+ Kc7 48. Rxh8 Rxh8 49. Qd1 Qf4 50. Qd2 Qf5 51. Bd1 Be8 52. Bc2 Qh3 53.
Qe1 Qh6 54. Qg3 b6 55. Qe1 Qf4 56. Bd1 Rh3 57. Nf3 Rxf3 58. Bxf3 Qxf3 59. Rg8
Kd7 60. Rg3 Qf4 61. Kg2 Qf5 1/2-1/2

[Event "VIII Torneo Banco di Roma A"]
[Site "Roma ITA"]
[Date "1984.02.??"]
[Round "3"]
[White "Toth, Bela"]
[Black "Tatai, Stefano"]
[WhiteElo "2395"]
[BlackElo "2430"]
[Result "0-1"]
[PlyCount "50"]
[EventDate "1984.02.18"]

1. d4 Nf6 2. c4 e6 3. Nc3 Bb4 4. Qc2 d6 5. Nf3 Nbd7 6. e3 b6 7. Be2 Bb7 8. O-O
Bxc3 9. Qxc3 O-O 10. b3 Ne4 11. Qc2 f5 12. Bb2 Ndf6 13. Ne1 Ng4 14. d5 exd5 15.
cxd5 Qe7 16. Bxg4 fxg4 17. Rd1 Rae8 18. Rd4 Nxf2 19. Nd3 Nxd3 20. Rxf8+ Rxf8
21. Rxd3 Ba6 22. Rd1 Qxe3+ 23. Kh1 Qe2 24. Qxe2 Bxe2 25. Re1 Rf1+ 0-1

[Event "VIII Torneo Banco di Roma A"]
[Site "Roma ITA"]
[Date "1984.02.??"]
[Round "3"]
[White "Zichichi, Alvise"]
[Black "Inkiov, Ventzislav V."]
[WhiteElo "2370"]
[BlackElo "2490"]
[Result "1/2-1/2"]
[PlyCount "89"]
[EventDate "1984.02.18"]

1. d4 Nf6 2. Nf3 e6 3. c4 d5 4. Nc3 Bb4 5. Bg5 Nbd7 6. e3 c5 7. cxd5 exd5 8.
Bd3 Qa5 9. O-O c4 10. Bf5 Bxc3 11. bxc3 Ne4 12. Qc2 Ndf6 13. Bxc8 Rxc8 14. Bxf6
Nxf6 15. Ne5 Ne4 16. f3 Nd6 17. e4 O-O 18. Rae1 Rfe8 19. Ng4 Nb5 20. Re3 f5 21.
exf5 Rxe3 22. Nxe3 Qxc3 23. Qf2 Qxd4 24. Rd1 Qb6 25. Nxd5 Qxf2+ 26. Kxf2 Kf7
27. a4 Nd6 28. g4 a6 29. Nc3 Rc6 30. Rb1 Kf6 31. Ke3 h5 32. Kf4 Ke7 33. Ke5 b5
34. axb5 axb5 35. Nxb5 Nxb5 36. Rxb5 c3 37. Rb1 c2 38. Rc1 Rc3 39. Kf4 Kf6 40.
g5+ Ke7 41. Ke5 Rc5+ 42. Ke4 Kd6 43. f6 gxf6 44. gxf6 Ke6 45. Kd4 1/2-1/2

[Event "VIII Torneo Banco di Roma A"]
[Site "Roma ITA"]
[Date "1984.02.??"]
[Round "4"]
[White "Mednis, Edmar John"]
[Black "Nikolac, Juraj"]
[WhiteElo "2460"]
[BlackElo "2465"]
[Result "1/2-1/2"]
[PlyCount "33"]
[EventDate "1984.02.18"]

1. e4 c6 2. d4 d5 3. Nd2 dxe4 4. Nxe4 Bf5 5. Ng3 Bg6 6. N1e2 e6 7. Nf4 Bd6 8.
c3 Nd7 9. Nxg6 hxg6 10. Ne4 Be7 11. g3 Ngf6 12. Nxf6+ Nxf6 13. Bg2 Qa5 14. Qe2
g5 15. Bd2 Qf5 16. O-O-O O-O-O 17. h3 1/2-1/2

[Event "VIII Torneo Banco di Roma A"]
[Site "Roma ITA"]
[Date "1984.02.??"]
[Round "4"]
[White "Rivas Pastor, Manuel"]
[Black "Toth, Bela"]
[WhiteElo "2500"]
[BlackElo "2395"]
[Result "0-1"]
[PlyCount "98"]
[EventDate "1984.02.18"]

1. c4 e6 2. Nc3 d5 3. d4 Nf6 4. Nf3 Be7 5. Bg5 O-O 6. e3 Nbd7 7. Rc1 c6 8. Qc2
a6 9. c5 e5 10. dxe5 Ne8 11. Bxe7 Qxe7 12. Bd3 h6 13. O-O Nxe5 14. Nxe5 Qxe5
15. e4 Nf6 16. f4 Qd4+ 17. Kh1 dxe4 18. Nxe4 Nxe4 19. Bxe4 Re8 20. Bf3 Qf6 21.
Qb3 Re7 22. Qb6 Be6 23. b3 g6 24. Rcd1 Kg7 25. Qb4 Rae8 26. Kg1 Bf5 27. Qd4 Re3
28. Qxf6+ Kxf6 29. Rd6+ R8e6 30. Rxe6+ Bxe6 31. Rc1 Rd3 32. Rc2 Kf5 33. Be2 Rd4
34. g3 Ke4 35. Kf2 Bd5 36. Rc3 Rd2 37. a3 Rb2 38. b4 Kf5 39. Re3 Bc4 40. Re5+
Kf6 41. Kf3 Rb3+ 42. Re3 Bxe2+ 43. Kxe2 Rb2+ 44. Kf3 Rxh2 45. Re8 Ra2 46. Rb8
Rxa3+ 47. Kf2 a5 48. Rxb7 axb4 49. Rxb4 Rc3 0-1

[Event "VIII Torneo Banco di Roma A"]
[Site "Roma ITA"]
[Date "1984.02.??"]
[Round "4"]
[White "Tatai, Stefano"]
[Black "Sax, Gyula"]
[WhiteElo "2430"]
[BlackElo "2575"]
[Result "1/2-1/2"]
[PlyCount "38"]
[EventDate "1984.02.18"]

1. Nf3 Nf6 2. g3 c5 3. Bg2 d5 4. O-O Nc6 5. d4 cxd4 6. Nxd4 e6 7. c4 Bc5 8.
Nxc6 bxc6 9. Qc2 Bb6 10. Nc3 O-O 11. Na4 Ba6 12. b3 Qe7 13. Bb2 e5 14. cxd5
cxd5 15. Nxb6 axb6 16. Rfc1 Rac8 17. Qd2 d4 18. a4 Rfd8 19. Rxc8 Rxc8 1/2-1/2

[Event "VIII Torneo Banco di Roma A"]
[Site "Roma ITA"]
[Date "1984.02.??"]
[Round "5"]
[White "Sax, Gyula"]
[Black "Rivas Pastor, Manuel"]
[WhiteElo "2575"]
[BlackElo "2500"]
[Result "1/2-1/2"]
[PlyCount "73"]
[EventDate "1984.02.18"]

1. e4 e5 2. Nf3 Nc6 3. Bb5 a6 4. Ba4 Nf6 5. O-O Be7 6. Re1 b5 7. Bb3 d6 8. c3
O-O 9. h3 Re8 10. d4 Bb7 11. a4 h6 12. Nbd2 Bf8 13. Bc2 Nb8 14. Bd3 c6 15. Nf1
Nbd7 16. Ng3 g6 17. Bd2 Nh7 18. Qc1 h5 19. Qd1 Bg7 20. Bc2 Nb6 21. b3 bxa4 22.
bxa4 a5 23. Bd3 Ba6 24. Bxa6 Rxa6 25. dxe5 dxe5 26. Qe2 Ra8 27. Be3 Qc7 28. Nd2
Nf8 29. Reb1 Reb8 30. Nc4 Nxc4 31. Qxc4 Ne6 32. Nf1 Kh7 33. Nd2 Bh6 34. Bxh6
Kxh6 35. Nf3 Kg7 36. g3 Rd8 37. Rd1 1/2-1/2

[Event "VIII Torneo Banco di Roma A"]
[Site "Roma ITA"]
[Date "1984.02.??"]
[Round "5"]
[White "Toth, Bela"]
[Black "Pinter, Jozsef"]
[WhiteElo "2395"]
[BlackElo "2515"]
[Result "1/2-1/2"]
[PlyCount "36"]
[EventDate "1984.02.18"]

1. d4 Nf6 2. c4 e6 3. Nf3 d5 4. Nc3 c5 5. cxd5 Nxd5 6. e4 Nxc3 7. bxc3 cxd4 8.
cxd4 Nc6 9. Bc4 b5 10. Be2 Bb4+ 11. Bd2 Qa5 12. d5 exd5 13. exd5 Ne7 14. O-O
Bxd2 15. Nxd2 O-O 16. Nb3 Qd8 17. Bxb5 Bb7 18. Nc5 Qxd5 1/2-1/2

[Event "VIII Torneo Banco di Roma A"]
[Site "Roma ITA"]
[Date "1984.02.??"]
[Round "5"]
[White "Zichichi, Alvise"]
[Black "Mednis, Edmar John"]
[WhiteElo "2370"]
[BlackElo "2460"]
[Result "1/2-1/2"]
[PlyCount "64"]
[EventDate "1984.02.18"]

1. d4 Nf6 2. Nf3 g6 3. Bg5 Bg7 4. Nbd2 d5 5. e3 O-O 6. Bd3 c5 7. c3 cxd4 8.
exd4 Qb6 9. Qb3 Qe6+ 10. Kf1 Qd6 11. Bh4 Nc6 12. Bg3 Qd8 13. Re1 a6 14. Ne5 Nh5
15. Ndf3 f6 16. Nxg6 hxg6 17. Bxg6 Nxg3+ 18. hxg3 e6 19. g4 Ne7 20. Qc2 Qd6 21.
Rh4 e5 22. Bh7+ Kf7 23. Qb3 Ke8 24. g5 fxg5 25. dxe5 Qc5 26. Rh5 g4 27. Nd4 Kd8
28. Bd3 Rh8 29. Rg5 Bh6 30. Rh5 Bg7 31. Rg5 Bh6 32. Rh5 Bg7 1/2-1/2

[Event "VIII Torneo Banco di Roma A"]
[Site "Roma ITA"]
[Date "1984.02.??"]
[Round "6"]
[White "Mednis, Edmar John"]
[Black "Inkiov, Ventzislav V."]
[WhiteElo "2460"]
[BlackElo "2490"]
[Result "0-1"]
[PlyCount "102"]
[EventDate "1984.02.18"]

1. c4 Nf6 2. g3 e6 3. Bg2 d5 4. Nf3 Be7 5. O-O O-O 6. d4 dxc4 7. Qc2 a6 8. Qxc4
b5 9. Qc2 Bb7 10. Bg5 Nbd7 11. Nbd2 Rc8 12. Nb3 Be4 13. Qc1 c5 14. dxc5 Nxc5
15. Nxc5 Rxc5 16. Qe3 Qa8 17. Bxf6 gxf6 18. Rfd1 Rd5 19. Ne1 Bxg2 20. Nxg2 Bc5
21. Qb3 Rfd8 22. Nf4 Rxd1+ 23. Rxd1 Bd4 24. Rd3 e5 25. Nh5 e4 26. Rxd4 Rxd4 27.
Nxf6+ Kg7 28. Nh5+ Kf8 29. Qa3+ b4 30. Qe3 Qd5 31. Qh6+ Ke7 32. Qf6+ Kd7 33.
Nf4 Rd1+ 34. Kg2 Qxa2 35. Qf5+ Kc6 36. Qxe4+ Kb5 37. Qb7+ Ka4 38. Qxa6+ Kb3 39.
Qc6 Qxb2 40. Nd3 Qd4 41. Nc1+ Kb2 42. Nd3+ Rxd3 43. exd3 b3 44. Qb7 Kc2 45.
Qc6+ Kd1 46. Qf3+ Kd2 47. Qxf7 b2 48. Qb7 h6 49. h3 Qc3 50. d4 Kc1 51. Qa6 b1=Q
0-1

[Event "VIII Torneo Banco di Roma A"]
[Site "Roma ITA"]
[Date "1984.02.??"]
[Round "6"]
[White "Pinter, Jozsef"]
[Black "Gobet, Fernand"]
[WhiteElo "2515"]
[BlackElo "2380"]
[Result "1-0"]
[PlyCount "95"]
[EventDate "1984.02.18"]

1. d4 Nf6 2. c4 e6 3. Nf3 c5 4. d5 exd5 5. cxd5 d6 6. Nc3 g6 7. Nd2 Nbd7 8. e4
Bg7 9. Be2 O-O 10. O-O Re8 11. a4 a6 12. Ra3 Qc7 13. Qc2 Rb8 14. a5 b5 15. axb6
Rxb6 16. Nc4 Rb4 17. Bf4 Bf8 18. f3 Nb6 19. b3 Nh5 20. Bd2 Bg7 21. g4 Nxc4 22.
Bxc4 Nf6 23. Ne2 Rb8 24. Bc3 Nd7 25. Bxg7 Kxg7 26. f4 Nf6 27. Qc3 Bxg4 28. Ng3
Bc8 29. Ra2 Qd8 30. Rd2 Kg8 31. e5 Ng4 32. h3 Nxe5 33. fxe5 Rxe5 34. Qf3 f5 35.
Re2 Qf6 36. Rfe1 Rxe2 37. Rxe2 Bd7 38. Kg2 Kg7 39. Rf2 Qg5 40. Kh2 h5 41. Rg2
Kh6 42. Ne2 Qf6 43. Nf4 Be8 44. Qe3 Kh7 45. Bxa6 Bf7 46. Bc4 Ra8 47. Ne6 Bg8
48. Qf4 1-0

[Event "VIII Torneo Banco di Roma A"]
[Site "Roma ITA"]
[Date "1984.02.??"]
[Round "6"]
[White "Rivas Pastor, Manuel"]
[Black "Nikolac, Juraj"]
[WhiteElo "2500"]
[BlackElo "2465"]
[Result "1-0"]
[PlyCount "81"]
[EventDate "1984.02.18"]

1. d4 d5 2. c4 e6 3. Nc3 Nf6 4. Nf3 Nbd7 5. Bg5 c6 6. e3 Qa5 7. Nd2 Bb4 8. Qc2
O-O 9. Be2 e5 10. O-O Bd6 11. cxd5 exd4 12. Nc4 Qc7 13. Nxd6 dxc3 14. dxc6 Qxc6
15. Rad1 Nd5 16. Bf3 cxb2 17. Qxb2 Qxd6 18. Rxd5 Qe6 19. Rc1 Nb6 20. Re5 Nc4
21. Rxe6 Nxb2 22. Re7 h6 23. Bh4 Nd3 24. Rcc7 Be6 25. Bxb7 Rab8 26. Bg3 Rbd8
27. a3 Nf4 28. h4 Ne2+ 29. Kh2 Nxg3 30. Kxg3 Rd3 31. a4 Ra3 32. Bc6 a6 33. Ra7
Bc4 34. Re4 Bd3 35. Rd4 Rc8 36. Bb7 Re8 37. Bd5 Rf8 38. h5 Kh8 39. Rxf7 Rb8 40.
Be4 Be2 41. Rfd7 1-0

[Event "VIII Torneo Banco di Roma A"]
[Site "Roma ITA"]
[Date "1984.02.??"]
[Round "6"]
[White "Tatai, Stefano"]
[Black "Zichichi, Alvise"]
[WhiteElo "2430"]
[BlackElo "2370"]
[Result "1-0"]
[PlyCount "69"]
[EventDate "1984.02.18"]

1. Nf3 d5 2. c4 e6 3. d4 Nf6 4. Nc3 Bb4 5. e3 c5 6. Bd3 O-O 7. O-O cxd4 8. exd4
dxc4 9. Bxc4 b6 10. Ne5 Bb7 11. Bg5 Nbd7 12. Nxd7 Qxd7 13. Bxf6 gxf6 14. d5
Bxc3 15. Qg4+ Kh8 16. bxc3 Rg8 17. Qh4 Rg6 18. Rfd1 Qa4 19. Rd4 e5 20. Bb3 Qd7
21. Rd3 Rag8 22. Rg3 f5 23. Re1 Qd6 24. Qh5 Qf6 25. Qe2 e4 26. Qd2 Qd6 27. Qd4+
f6 28. Ree3 Kg7 29. Rxg6+ hxg6 30. f3 Re8 31. fxe4 Qa3 32. e5 fxe5 33. Rxe5
Rxe5 34. Qxe5+ Kh6 35. Qe3+ 1-0

[Event "VIII Torneo Banco di Roma A"]
[Site "Roma ITA"]
[Date "1984.02.??"]
[Round "6"]
[White "Toth, Bela"]
[Black "Sax, Gyula"]
[WhiteElo "2395"]
[BlackElo "2575"]
[Result "1-0"]
[PlyCount "81"]
[EventDate "1984.02.18"]

1. d4 Nf6 2. c4 e6 3. Nc3 Bb4 4. Qc2 O-O 5. Nf3 c5 6. dxc5 Na6 7. Bd2 Nxc5 8.
a3 Bxc3 9. Bxc3 b6 10. Ng5 g6 11. b4 Na6 12. h4 Qe7 13. h5 e5 14. hxg6 hxg6 15.
Rd1 Bb7 16. Qd3 Rfd8 17. Qh3 Nh5 18. Nf3 d6 19. g4 Bc8 20. Qh4 Qxh4 21. Rxh4
Ng7 22. Bxe5 Be6 23. Bf6 Rd7 24. Ng5 Nc7 25. Bg2 Rad8 26. Bc6 Nce8 27. Bxg7
Nxg7 28. Bxd7 Rxd7 29. Ne4 Ne8 30. g5 Kg7 31. Rd3 Bf5 32. Re3 Bxe4 33. Rhxe4
Nc7 34. Re7 Rxe7 35. Rxe7 Ne6 36. Rxa7 Nxg5 37. Rb7 Kf6 38. Rxb6 Ke7 39. a4 Ne6
40. Rb7+ Kf6 41. a5 1-0

[Event "VIII Torneo Banco di Roma A"]
[Site "Roma ITA"]
[Date "1984.02.??"]
[Round "7"]
[White "Gobet, Fernand"]
[Black "Mednis, Edmar John"]
[WhiteElo "2380"]
[BlackElo "2460"]
[Result "0-1"]
[PlyCount "128"]
[EventDate "1984.02.18"]

1. e4 e6 2. d4 d5 3. e5 c5 4. Nf3 Nc6 5. Bd3 cxd4 6. O-O Nge7 7. Bf4 Ng6 8. Bg3
f5 9. a3 Be7 10. Re1 O-O 11. h3 a5 12. a4 Qb6 13. Na3 Qxb2 14. Nb5 Qb4 15. h4
Qc5 16. h5 Nh8 17. Bf4 Nf7 18. Rb1 Qb6 19. Nbxd4 Qd8 20. c3 Ng5 21. Bxg5 Bxg5
22. c4 Nb4 23. cxd5 Nxd5 24. Qb3 Be7 25. Bc4 Kh8 26. Red1 Qe8 27. Nxe6 Bxe6 28.
Bxd5 Bxd5 29. Qxd5 Bb4 30. Qxb7 Qxh5 31. Rd7 Qh6 32. Rbd1 Rae8 33. Rf7 Rxf7 34.
Qxf7 Qg6 35. Qc7 h6 36. Rd7 f4 37. Rf7 Qg4 38. Rd7 Qg6 39. Qc4 Qb1+ 40. Kh2 Qf5
41. Qc7 Qg6 42. Rd8 Rxd8 43. Qxd8+ Kh7 44. Qc7 Qe8 45. Qc2+ Kh8 46. Kg1 Qd7 47.
Qb3 Qc6 48. e6 Qe4 49. Kh2 Kh7 50. Nh4 g6 51. Qh3 Be7 52. Nf3 Bf6 53. Nd2 Qd4
54. Nb3 Qxa4 55. Qd3 Qc6 56. Qe2 Qd6 57. f3 a4 58. Nd2 Qd5 59. Ne4 Qh5+ 60. Kg1
Bd4+ 61. Nf2 Qc5 62. Kf1 Bxf2 63. g3 fxg3 64. e7 Qc1+ 0-1

[Event "VIII Torneo Banco di Roma A"]
[Site "Roma ITA"]
[Date "1984.02.??"]
[Round "7"]
[White "Inkiov, Ventzislav V."]
[Black "Tatai, Stefano"]
[WhiteElo "2490"]
[BlackElo "2430"]
[Result "1/2-1/2"]
[PlyCount "47"]
[EventDate "1984.02.18"]

1. e4 c5 2. Nf3 d6 3. d4 cxd4 4. Nxd4 Nf6 5. Nc3 a6 6. Be3 e5 7. Nb3 Be6 8. Qd2
Nbd7 9. f3 Be7 10. g4 Nb6 11. h4 Qc7 12. O-O-O Rd8 13. g5 Nh5 14. Nd5 Nxd5 15.
exd5 Bf5 16. Bh3 Bxh3 17. Rxh3 Rc8 18. f4 Qd7 19. Rf3 exf4 20. Bxf4 O-O 21. Be3
g6 22. Bd4 f6 23. gxf6 Bxf6 24. Bxf6 1/2-1/2

[Event "VIII Torneo Banco di Roma A"]
[Site "Roma ITA"]
[Date "1984.02.??"]
[Round "7"]
[White "Nikolac, Juraj"]
[Black "Toth, Bela"]
[WhiteElo "2465"]
[BlackElo "2395"]
[Result "1-0"]
[PlyCount "81"]
[EventDate "1984.02.18"]

1. e4 c5 2. Nf3 d6 3. d4 cxd4 4. Nxd4 Nf6 5. Nc3 Nc6 6. Bg5 e6 7. Qd2 Be7 8.
O-O-O O-O 9. f4 h6 10. Bh4 e5 11. Nxc6 bxc6 12. fxe5 dxe5 13. Qxd8 Rxd8 14.
Rxd8+ Bxd8 15. Bc4 Bd7 16. Rd1 Be8 17. Rd3 Kf8 18. Nb1 g5 19. Bg3 Nxe4 20. Bxe5
Bb6 21. Nd2 f6 22. Bd4 Bg6 23. Bxb6 axb6 24. Rd7 Re8 25. Nxe4 Rxe4 26. Bd3 Be8
27. Rd8 Re1+ 28. Kd2 Rg1 29. Bg6 Rxg2+ 30. Kd3 Rxh2 31. Rxe8+ Kg7 32. Bf5 h5
33. Re7+ Kf8 34. Rc7 g4 35. Rxc6 Kg7 36. Rxb6 g3 37. Ke3 Rh1 38. Rb7+ Kh6 39.
Rh7+ Kg5 40. Be4 Re1+ 41. Kf3 1-0